| 000 | 00595cam a22002291 4500 | ||
|---|---|---|---|
| 001 | sa 66002511 | ||
| 003 | DLC | ||
| 005 | 20260227112230.0 | ||
| 008 | 890602s1965 ii a 000 0 maro | ||
| 010 | _asa 66002511 | ||
| 035 | _a(OCoLC)19806176 | ||
| 040 |
_aDLC _cWaU _dDLC |
||
| 042 | _apremarc | ||
| 050 | 0 | 0 |
_aLA2383.I6 _bN3 |
| 100 | 1 |
_aNandurdikar, Narayan Dattatraya, _d1916- |
|
| 245 | 1 | 0 | _aŚikshaṇa tattvaette. |
| 260 | _c[1965] | ||
| 300 |
_a92 p. _billus. _c19 cm. |
||
| 500 | _aIn Marathi. | ||
| 600 | 1 | 0 |
_aMontessori, Maria, _d1870-1952. |
| 650 | 0 | _aEducators, East Indian. | |
| 999 |
_c68414 _d68414 |
||